Normal view
MARC view
- C. Isenberg
Entry Personal Name
001 - CONTROL NUMBER
- control field: 103658
003 - CONTROL NUMBER IDENTIFIER
- control field: NUST
005 - DATE AND TIME OF LATEST TRANSACTION
- control field: 20221128100441.0
008 - FIXED-LENGTH DATA ELEMENTS
- fixed length control field: 221128|| aca||aabn | a|a d
040 ## - CATALOGING SOURCE
- Original cataloging agency: NUST
- Transcribing agency: NUST
100 ## - HEADING--PERSONAL NAME
- Personal name: C. Isenberg
670 ## - SOURCE DATA FOUND
- Source citation: Work cat.: (NUST)180573: C. Isenberg, Physics experiments and projects for students / , <c1996- >
